Statistics for At Worlds End Character Quiz

Click here to take the quiz!

General Stats

  • This quiz has been taken 2 times
  • The average score is 32 of 123

Answer Stats

Character% Correct
Simon Y. Martin
100%
Akari Koji / Himawari
50%
Alex Fendrall / Campfire
50%
Alpha
50%
Andy Rainer
50%
Angela Avalani / Angel
50%
Aqua Ableman
50%
Aqua Ayala
50%
Athena / 10th Guardian
50%
Avalani "Ava"
50%
Beta
50%
Bloom Quandyun
50%
Brick
50%
Captain Desmod ‘Dawson’ Ridgemont
50%
Charlie
50%
Clarissa Adebowale / The Invisible Death
50%
Delta
50%
Dr. Celica Hinds / Agent Ice
50%
Dr. Jack Bowman
50%
Dr. Keaton Z. Zamora / Dr. Z
50%
Dr. Nelson Hyde
50%
Dr. W.D. Gaster
50%
Ethan Bridger / Maverick
50%
Fina
50%
Fina Carrol
50%
Herald D. Lee
50%
Herald Lenden
50%
Himawari Nakamura
50%
Himawari Yamaoka
50%
Immanuel Wendell / Agent Psyche
50%
Lehualani "Lehua" Silva
50%
Lenx / Ghost
50%
Lillie Tanaka / The Queen
50%
Lt. Neptune Ronquillio
50%
Major Douglas “Orion” Mackerson
50%
Mark Burnse / Cinder / Agent Cinder
50%
Megan W.D. "Wraith" Nishimura
50%
Melanie W.D Nishimura
50%
Neptune Fitzgerald
50%
Omega
50%
Orcid
50%
Oswald Rainer
50%
Patterson Watmen / Preacher
50%
Princess Sabrina
50%
Robert Jones / Agent Magnet
50%
Shado Black
50%
Shado Villin / Blue Ring
50%
Shado Villin / Ring / Blue Ring
50%
Sharon Rainer
50%
Silas L. Rashida
50%
Skyriex the Devastator / Skyriex the 1st
50%
Sondra Hyde
50%
Speedy
50%
Speedy / Negative-Speed
50%
Trixie Smith
50%
Wilfred C. Greensville
50%
Wilfred C. Greensville / Razor
50%
Wilfred Rice
50%
Wraith
50%
Wraith / The Reaper
50%
Xavier K. 血液
50%
Xavier Robinson
50%
Ace Leadington
0%
Ajax Jackson II
0%
Akari Fumiko
0%
Alexandria Pøltek
0%
April Mercia / Golden Lass
0%
Arthur / 4th Guardian
0%
Ashley Ramsey
0%
Azkaban / Blue Ring
0%
Black Ghost
0%
Bryan Holt / Captain Enigma
0%
Camilla Augustine
0%
Claire Osborne
0%
Dr. Keaton Zantarano
0%
Dubak
0%
Elvin Claw
0%
Emma
0%
Eyris Claw
0%
Hana Stone
0%
Isabelle Cooper / The Question
0%
Isdra
0%
Izumi Keiji
0%
Jager
0%
Josef Miguela
0%
Jungkook Gwan / Red Mask
0%
Kensei / Samurai of the West
0%
Kylee
0%
Lee Quandyun / Master Quand
0%
Lillian Baudin / The Investigator
0%
Lord Remus Augustine
0%
Lt. Paxton "Pax" Aleria
0%
Markas Krankshaust / Doc
0%
Mathais Grifen / Jager
0%
Michale Brown
0%
Mizuno Koji
0%
Mota Shambque / Nyx
0%
Mr. Kiraly
0%
Napoleon Savoni
0%
Natalie Bosnan / Captain Nova
0%
Natalie / Nova / 9th Guardian
0%
Niche Matteus / Niner
0%
Nova
0%
Nyx
0%
Pax
0%
Professeur Vitali
0%
Professor Darwin Takahashi
0%
Raven
0%
Sandersoul / Blue Ring
0%
Scott Scoláreachta / Scott Scholarly
0%
Sheldon Smith / Master Spectre
0%
Stratego
0%
Tercero Orantes / Goblinshark
0%
Thomosans “Tommy” Sanderson
0%
Troy Rosa / Atomilad / Agent Atom
0%
Udo Martin
0%
Velma Whitney
0%
Verdict
0%
Watcher
0%
Watcher / Ghost
0%
Winston "Wolffe" Mackerson
0%
Winter / Winter Wolf
0%
Wyatt
0%

Score Distribution

Percentile by Number Answered

Percent of People with Each Score

Your Score History

You have not taken this quiz